[Event "FIDE Women's Grand Prix Nalchik"]
[Site "Nalchik RUS"]
[Date "2011.10.20"]
[EventDate "2011.10.09"]
[Round "10"]
[Result "1/2-1/2"]
[White "Nadezhda Kosintseva"]
[Black "Antoaneta Stefanova"]
[WhiteElo "2560"]
[BlackElo "2528"]
[PlyCount "113"]

1. e4 c6 2. d4 d5 3. e5 Bf5 4. Nd2 e6 5. Nb3 Nd7 6. Nf3 Ne7
7. Be2 Bg4 8. h3 Bxf3 9. Bxf3 c5 10. c3 cxd4 11. cxd4 Nc6
12. O-O Be7 13. Be2 Qb6 14. Bd3 a5 15. Qg4 g6 16. Be3 a4
17. Nc1 Nb4 18. a3 Nxd3 19. Nxd3 h5 20. Qe2 Qb5 21. Rac1 Kf8
22. Rc7 Bd8 23. Rc2 Kg7 24. Rfc1 Nb6 25. Bd2 Nc4 26. Bb4 Bg5
27. f4 Bd8 28. Ne1 Qd7 29. Nf3 Ba5 30. Bxa5 Rxa5 31. Nd2 b5
32. Qd3 Qe7 33. Kh2 Rc8 34. Qe2 Ra6 35. Nf3 Rac6 36. Qe1 Rb6
37. Nd2 Rbc6 38. Nf3 b4 39. axb4 Rb8 40. Nd2 Qxb4 41. Qh4 Rbc8
42. Nxc4 Rxc4 43. Rxc4 dxc4 44. Rc2 Qb3 45. Qf2 c3 46. bxc3
Rxc3 47. Rb2 Qd5 48. Rb8 Rb3 49. Rc8 Qb7 50. Rd8 Qe7 51. Ra8
a3 52. d5 exd5 53. e6 Qxe6 54. Qd4+ f6 55. Ra7+ Kg8 56. Ra8+
Kg7 57. Ra7+ 1/2-1/2

[Event "FIDE Women's Grand Prix Nalchik"]
[Site "Nalchik RUS"]
[Date "2011.10.21"]
[EventDate "2011.10.09"]
[Round "11"]
[Result "1/2-1/2"]
[White "Antoaneta Stefanova"]
[Black "Ekaterina Kovalevskaya"]
[WhiteElo "2528"]
[BlackElo "2421"]
[PlyCount "107"]

1. d4 d5 2. Nf3 e6 3. e3 Nf6 4. Bd3 c5 5. b3 Nc6 6. O-O a6
7. Bb2 b5 8. a4 b4 9. Nbd2 cxd4 10. exd4 Be7 11. Re1 O-O
12. Nf1 Nd7 13. Ng3 g6 14. Qd2 Re8 15. Qf4 Bf6 16. h4 Bg7
17. Ne5 Ndxe5 18. dxe5 Bb7 19. h5 Qc7 20. hxg6 hxg6 21. Qg5 a5
22. Rad1 Ba6 23. Nf1 Bxd3 24. Rxd3 Ne7 25. Re2 Nf5 26. Rh3 Qd8
27. Qd2 Rc8 28. Nh2 Re7 29. g4 Rec7 30. gxf5 Rxc2 31. Qxc2
Rxc2 32. Rxc2 Qg5+ 33. Rg3 Qxf5 34. Rc8+ Kh7 35. Ng4 g5
36. Bd4 Kg6 37. Rg8 Kh7 38. Ra8 Qe4 39. Bb6 Bxe5 40. Nxe5 Qxe5
41. Rxa5 f6 42. Rb5 Qe4 43. Bc5 d4 44. Rxb4 e5 45. Rb6 Qb1+
46. Kg2 Qe4+ 47. Kh2 Qf5 48. Kg1 Qb1+ 49. Kg2 Qe4+ 50. Kh2 Qf5
51. Rh3+ Kg6 52. Kg2 Qe4+ 53. Rf3 Qg4+ 54. Rg3 1/2-1/2

[Event "European Team Championship (Women)"]
[Site "Porto Carras GRE"]
[Date "2011.11.04"]
[EventDate "?"]
[Round "2"]
[Result "0-1"]
[White "Antoaneta Stefanova"]
[Black "Kateryna Lahno"]
[WhiteElo "2531"]
[BlackElo "2549"]
[PlyCount "58"]

1. d4 Nf6 2. Nf3 g6 3. Nbd2 c5 4. dxc5 Qa5 5. a3 Qxc5 6. b4
Qc7 7. Bb2 Bg7 8. g4 h6 9. h4 d5 10. Rg1 Nbd7 11. e3 e5
12. Bb5 O-O 13. g5 hxg5 14. hxg5 Nh5 15. Rh1 Nb6 16. a4 a6
17. a5 Nc4 18. Bxc4 dxc4 19. Bc3 Bg4 20. Rh4 Qc8 21. Qe2 Rd8
22. Qf1 Bxf3 23. Nxf3 Qf5 24. Nd2 Qxc2 25. Rxc4 Rd3 26. Ne4
Ng3 27. Nxg3 Rxc3 28. Rh4 Rd8 29. Ne4 Qb2 0-1

[Event "European Team Championship (Women)"]
[Site "Porto Carras GRE"]
[Date "2011.11.05"]
[EventDate "2011.11.03"]
[Round "3.8.1"]
[Result "1/2-1/2"]
[White "Masha Klinova"]
[Black "Antoaneta Stefanova"]
[WhiteElo "2316"]
[BlackElo "2531"]
[PlyCount "58"]

1. e4 d5 2. exd5 Qxd5 3. Nc3 Qd6 4. d4 Nf6 5. Bc4 a6 6. Nf3 b5
7. Bb3 Nc6 8. d5 Na5 9. Qd4 Nxb3 10. axb3 c5 11. dxc6 Qxc6
12. Bg5 Nd7 13. O-O-O f6 14. Rhe1 Kf7 15. Be3 e5 16. Qh4 a5
17. Qe4 Qxe4 18. Nxe4 a4 19. bxa4 Rxa4 20. Nd6+ Bxd6 21. Rxd6
Ke7 22. Rd5 Ba6 23. b3 Ra1+ 24. Kb2 Rxe1 25. Nxe1 Ke6 26. Rd1
g5 27. Nd3 Bb7 28. g3 Rc8 29. Ra1 Ra8 1/2-1/2

[Event "European Team Championship (Women)"]
[Site "Porto Carras GRE"]
[Date "2011.11.06"]
[EventDate "?"]
[Round "4.1"]
[Result "1/2-1/2"]
[White "Monika (Bobrowska) Socko"]
[Black "Antoaneta Stefanova"]
[WhiteElo "2479"]
[BlackElo "2531"]
[PlyCount "45"]

1. d4 d5 2. c4 c6 3. Nf3 e6 4. Qb3 Bd6 5. Nc3 f5 6. g3 Nf6
7. Bf4 Bxf4 8. gxf4 O-O 9. e3 Nbd7 10. Bd3 Ne4 11. cxd5 cxd5
12. Bxe4 fxe4 13. Ne5 Nxe5 14. dxe5 Qh4 15. Ne2 a5 16. Rc1 b5
17. Qxb5 Ba6 18. Qd7 Qg4 19. Ng3 Rad8 20. Qa7 Ra8 21. Qd7 Rad8
22. Qa7 Ra8 23. Qd7 1/2-1/2

[Event "European Team Championship (Women)"]
[Site "Porto Carras GRE"]
[Date "2011.11.07"]
[EventDate "2011.11.03"]
[Round "5.7.1"]
[Result "1/2-1/2"]
[White "Antoaneta Stefanova"]
[Black "Yelena Dembo"]
[WhiteElo "2531"]
[BlackElo "2468"]
[PlyCount "52"]

1. d4 Nf6 2. Nf3 g6 3. g3 Bg7 4. Bg2 O-O 5. O-O d6 6. a4 Nbd7
7. a5 c6 8. Nc3 Qc7 9. e4 e5 10. h3 Re8 11. Re1 Rb8 12. Be3 b5
13. axb6 axb6 14. d5 b5 15. Ra7 Rb7 16. Ra6 c5 17. Nd2 Nf8
18. b4 cxb4 19. Na2 Rb8 20. Rc6 Qa5 21. Qb1 Ra8 22. Nxb4 N8d7
23. Bf1 Qa4 24. g4 Bf8 25. Rc1 Nc5 26. Bxc5 dxc5 1/2-1/2

[Event "European Team Championship (Women)"]
[Site "Porto Carras GRE"]
[Date "2011.11.09"]
[EventDate "2011.11.03"]
[Round "7"]
[Result "1-0"]
[White "Antoaneta Stefanova"]
[Black "Elisabeth Paehtz"]
[WhiteElo "2531"]
[BlackElo "2457"]
[PlyCount "158"]

1. d4 d6 2. Nf3 g6 3. c4 Bg7 4. Nc3 Nf6 5. e4 O-O 6. Be2 Qe8
7. O-O Na6 8. h3 e5 9. dxe5 dxe5 10. Be3 Nd7 11. Rb1 c6 12. b4
Nc7 13. Qd6 Ne6 14. c5 a6 15. Bc4 Nd4 16. Nxd4 exd4 17. Bxd4
Ne5 18. Bxe5 Bxe5 19. Qd3 Be6 20. Ne2 Rd8 21. Qc2 Bxc4
22. Qxc4 Rd2 23. Rbd1 Qd7 24. Rxd2 Qxd2 25. f4 Bb2 26. Rf3 Rd8
27. e5 Qd1+ 28. Kh2 Rd2 29. Re3 Qc2 30. Qxc2 Rxc2 31. Kg3 Kf8
32. Kf3 f6 33. exf6 Bxf6 34. a3 a5 35. Ng3 Bd4 36. Rd3 Rf2+
37. Ke4 Bf6 38. bxa5 Rxg2 39. Rb3 Be7 40. Kf3 Rc2 41. Ne4 Ra2
42. Nd6 Rc2 43. Rxb7 Rc3+ 44. Ke4 Rxa3 45. Ra7 Rxh3 46. a6 Ra3
47. Ke5 Re3+ 48. Ne4 h5 49. Rc7 Bxc5 50. Rxc6 h4 51. Rxc5 Ra3
52. Rc8+ Kg7 53. Rc7+ Kh6 54. Nf6 Ra5+ 55. Ke4 g5 56. f5 Ra4+
57. Ke5 Ra5+ 58. Ke4 Ra4+ 59. Ke3 g4 60. Ne4 h3 61. Rc8 Rxa6
62. Kf4 Ra4 63. f6 Ra7 64. Kxg4 h2 65. Rc1 Kg6 66. Rh1 Ra2
67. Kg3 Re2 68. Kf3 Rc2 69. Rf1 Ra2 70. Kg3 Kf7 71. Ng5+ Kg6
72. f7 h1=Q 73. Rxh1 Ra3+ 74. Kf4 Ra4+ 75. Ke3 Ra3+ 76. Kd4
Ra4+ 77. Kc3 Ra8 78. Rg1 Kg7 79. Rf1 Rb8 1-0

[Event "European Team Championship (Women)"]
[Site "Porto Carras GRE"]
[Date "2011.11.10"]
[EventDate "2011.11.03"]
[Round "8"]
[Result "1/2-1/2"]
[White "Nana Dzagnidze"]
[Black "Antoaneta Stefanova"]
[WhiteElo "2516"]
[BlackElo "2531"]
[PlyCount "51"]

1. Nf3 d5 2. e3 c6 3. b3 Bf5 4. Bb2 e6 5. d3 h6 6. Nbd2 Nf6
7. Qe2 Bc5 8. g3 Qe7 9. a3 Nbd7 10. Bg2 e5 11. e4 dxe4
12. dxe4 Bh7 13. O-O O-O 14. Kh1 Rfe8 15. b4 Bd6 16. Ne1 Nb6
17. Nc4 Na4 18. Nd3 b5 19. Nxd6 Qxd6 20. Rfd1 Qc7 21. Rac1
Nxb2 22. Nxb2 c5 23. c4 cxb4 24. axb4 Qb7 25. f3 bxc4 26. Rxc4
1/2-1/2

[Event "European Team Championship (Women)"]
[Site "Porto Carras GRE"]
[Date "2011.11.11"]
[EventDate "2011.11.03"]
[Round "9.6.1"]
[Result "1/2-1/2"]
[White "Eva Kulovana"]
[Black "Antoaneta Stefanova"]
[WhiteElo "2297"]
[BlackElo "2531"]
[PlyCount "70"]

1. e4 d5 2. exd5 Qxd5 3. Nc3 Qd6 4. d4 Nf6 5. Nf3 g6 6. g3 Bg7
7. Bg2 Qa6 8. Qe2 Bf5 9. Ne5 Qxe2+ 10. Nxe2 Be4 11. O-O c6
12. c3 Bxg2 13. Kxg2 Nbd7 14. f4 O-O 15. Be3 Nb6 16. c4 Ne8
17. b3 f6 18. Nd3 Nd7 19. Rac1 Nd6 20. Kg1 e6 21. Nc3 Rfe8
22. Rfe1 Rad8 23. Re2 Kf7 24. Ne1 a6 25. a4 h6 26. Nf3 g5
27. fxg5 hxg5 28. g4 Nf8 29. h3 Kg8 30. Kh2 Nf7 31. Ree1 Re7
32. Ne4 b6 33. a5 bxa5 34. Nc5 Rde8 35. Nxa6 e5 1/2-1/2

[Event "SportAccord Mind Games (Blindfold, Women)"]
[Site "Beijing CHN"]
[Date "2011.12.14"]
[EventDate "2011.12.14"]
[Round "2"]
[Result "1/2-1/2"]
[White "Antoaneta Stefanova"]
[Black "Pia Cramling"]
[WhiteElo "2531"]
[BlackElo "2495"]
[PlyCount "111"]

1. d4 e6 2. Nf3 c5 3. e3 Nf6 4. Bd3 b6 5. O-O Bb7 6. b3 d6
7. Bb2 Nbd7 8. Nbd2 Be7 9. Re1 O-O 10. c4 cxd4 11. exd4 Re8
12. Nf1 Nf8 13. Ne3 Ng6 14. Bf1 Bf8 15. g3 Rc8 16. Bg2 Rc7
17. d5 e5 18. Ng5 Bc8 19. h4 h6 20. Ne4 Nxe4 21. Bxe4 Ne7
22. g4 g6 23. Qf3 f5 24. gxf5 Nxf5 25. Nxf5 gxf5 26. Bxf5 Rf7
27. Qg3+ Rg7 28. Bg6 h5 29. Kh2 Qf6 30. Rg1 Ree7 31. Qg5 Qf3
32. Rg3 Qxf2+ 33. Rg2 Qf3 34. Qxh5 Qh3+ 35. Kg1 Qe3+ 36. Kh1
Qh3+ 37. Rh2 Qg4 38. Rg1 Qxh5 39. Bxh5 Bf5 40. Bf3 Rxg1+
41. Kxg1 Rg7+ 42. Kf1 Rf7 43. Ke1 Bh6 44. Rg2+ Kh8 45. Bh5 Rg7
46. Rxg7 Kxg7 47. a3 Kf6 48. Be2 Bf4 49. Kf2 Bc2 50. b4 Bb3
51. Bd3 Bd1 52. Ke1 Bg4 53. Kf2 Bd1 54. Ke1 Bg4 55. Kf2 Bd1
56. Ke1 1/2-1/2

[Event "SportAccord Mind Games (Blindfold, Women)"]
[Site "Beijing CHN"]
[Date "2011.12.14"]
[EventDate "2011.12.14"]
[Round "5"]
[Result "1/2-1/2"]
[White "Antoaneta Stefanova"]
[Black "Elisabeth Paehtz"]
[WhiteElo "2531"]
[BlackElo "2457"]
[PlyCount "30"]

1. d4 g6 2. e4 Bg7 3. Nc3 d6 4. f4 Nf6 5. Nf3 c5 6. Bb5+ Bd7
7. e5 Ng4 8. e6 fxe6 9. Ng5 Bxb5 10. Nxe6 Bxd4 11. Nxd8 Bf2+
12. Kd2 Be3+ 13. Ke1 Bf2+ 14. Kd2 Be3+ 15. Ke1 Bf2+ 1/2-1/2

[Event "SportAccord Mind Games (Blindfold, Women)"]
[Site "Beijing CHN"]
[Date "2011.12.15"]
[EventDate "2011.12.14"]
[Round "3"]
[Result "0-1"]
[White "Almira Skripchenko"]
[Black "Antoaneta Stefanova"]
[WhiteElo "2468"]
[BlackElo "2531"]
[PlyCount "118"]

1. e4 c6 2. d4 d5 3. Nc3 dxe4 4. Nxe4 Bf5 5. Ng3 Bg6 6. h4 h6
7. Nf3 Nd7 8. h5 Bh7 9. Bd3 Bxd3 10. Qxd3 e6 11. Bd2 Ngf6
12. O-O-O Be7 13. Rhe1 Qc7 14. Ne5 O-O 15. Qe2 c5 16. Nxd7
Qxd7 17. dxc5 Qa4 18. Kb1 Bxc5 19. Bc3 Qf4 20. Bxf6 Qxf6
21. Ne4 Qe7 22. Nxc5 Qxc5 23. g4 Rad8 24. c3 b5 25. f4 b4
26. cxb4 Qxb4 27. Qe3 Rxd1+ 28. Rxd1 Rb8 29. Rd2 Qc4 30. b3
Qf1+ 31. Kb2 Rc8 32. Re2 Rc1 33. g5 Rb1+ 34. Ka3 hxg5 35. fxg5
Qf5 36. Qe5 Rh1 37. g6 fxg6 38. hxg6 Qxg6 39. Qxe6+ Qxe6
40. Rxe6 Rh6 41. Re7 Ra6+ 42. Kb2 Kf8 43. Rd7 g5 44. Rd4 Rg6
45. Rg4 Kf7 46. Kc3 Kf6 47. Kd4 Kf5 48. Rg1 Kf4 49. b4 g4
50. a4 g3 51. b5 Kf3 52. Kc5 Kf2 53. Rb1 g2 54. a5 g1=Q
55. Rxg1 Rxg1 56. b6 Rg5+ 57. Kc6 Rxa5 58. b7 Ra6+ 59. Kc7 Rb6
0-1

[Event "SportAccord Mind Games (Blindfold, Women)"]
[Site "Beijing CHN"]
[Date "2011.12.15"]
[EventDate "2011.12.14"]
[Round "4"]
[Result "1-0"]
[White "Yifan Hou"]
[Black "Antoaneta Stefanova"]
[WhiteElo "2578"]
[BlackElo "2531"]
[PlyCount "63"]

1. e4 c6 2. d4 d5 3. Nc3 dxe4 4. Nxe4 Bf5 5. Ng3 Bg6 6. h4 h6
7. Nf3 Nd7 8. h5 Bh7 9. Bd3 Bxd3 10. Qxd3 e6 11. Bf4 Qa5+
12. Bd2 Bb4 13. c3 Be7 14. c4 Qc7 15. O-O-O Ngf6 16. Rhe1 b5
17. cxb5 cxb5+ 18. Kb1 Qb7 19. Nh4 Nd5 20. Nhf5 exf5 21. Nxf5
Kd8 22. Qf3 Re8 23. Ba5+ N7b6 24. Bxb6+ axb6 25. Re5 Nc3+
26. Qxc3 f6 27. Rxb5 Rxa2 28. Qb3 Ra5 29. Rxa5 Qe4+ 30. Ka1
bxa5 31. Nxg7 Rf8 32. Ne6+ 1-0

[Event "SportAccord Mind Games (Blindfold, Women)"]
[Site "Beijing CHN"]
[Date "2011.12.16"]
[EventDate "2011.12.14"]
[Round "6"]
[Result "1-0"]
[White "Kateryna Lahno"]
[Black "Antoaneta Stefanova"]
[WhiteElo "2549"]
[BlackElo "2531"]
[PlyCount "95"]

1. e4 c6 2. c4 d5 3. exd5 cxd5 4. cxd5 Nf6 5. Nc3 Nxd5 6. Nf3
Nxc3 7. bxc3 Qc7 8. d4 g6 9. Bd2 Bg7 10. Bd3 O-O 11. O-O Nc6
12. Re1 Bg4 13. Rc1 Rad8 14. h3 Be6 15. Rxe6 fxe6 16. Ng5 Rf6
17. Bc4 Rd6 18. Ne4 Na5 19. Nxf6+ Bxf6 20. Bd3 e5 21. Qa4 b6
22. Bh6 Qd8 23. dxe5 Bxe5 24. Bf1 Bg7 25. Be3 Qd7 26. Bb5 Qd8
27. Bf4 Rf6 28. Rd1 Qc8 29. Bg5 Rd6 30. Bxe7 Rxd1+ 31. Qxd1
Bxc3 32. Bg5 Bg7 33. h4 h6 34. Be3 h5 35. Bd3 Qe6 36. Qc2 Kh7
37. Be4 a6 38. a4 b5 39. axb5 axb5 40. Bf3 Nc4 41. Bg5 Na3
42. Qd2 Nc4 43. Qb4 Qe5 44. g3 Qb2 45. Qc5 Ne5 46. Be4 b4
47. Bc1 Qa1 48. Kg2 1-0

[Event "SportAccord Mind Games (Blindfold, Women)"]
[Site "Beijing CHN"]
[Date "2011.12.16"]
[EventDate "2011.12.14"]
[Round "7"]
[Result "0-1"]
[White "Antoaneta Stefanova"]
[Black "Anna Zatonskih"]
[WhiteElo "2531"]
[BlackElo "2506"]
[PlyCount "122"]

1. d4 d5 2. Nf3 Nf6 3. e3 Bf5 4. c4 c6 5. Nc3 e6 6. Qb3 Qb6
7. c5 Qc7 8. Nh4 Bg6 9. Nxg6 hxg6 10. g3 Nbd7 11. Bd2 Be7
12. Bg2 Ng4 13. e4 dxe4 14. Nxe4 O-O 15. Rc1 Ngf6 16. O-O Nxe4
17. Bxe4 Nf6 18. Bf3 Rad8 19. Bf4 Qc8 20. Rfd1 Nd5 21. Bd2 Bf6
22. Qc4 Rd7 23. h4 Qd8 24. Be4 Ne7 25. Be3 e5 26. b4 Re8
27. Re1 exd4 28. Bf4 d3 29. Red1 Nd5 30. Bd6 Nc3 31. Rxc3 Bxc3
32. Rxd3 Be5 33. Bxg6 Re6 34. Bf5 Rdxd6 35. cxd6 Rxd6 36. Re3
Bd4 37. Re4 Bb6 38. Qe2 Kf8 39. Qh5 Rh6 40. Qg4 Rf6 41. Bd7
Rxf2 42. Kh1 f5 43. Bxf5 Qf6 44. Qd1 Rxf5 45. Kg2 Rf2+ 46. Kh3
Qf5+ 47. Rg4 Qh5 48. Rf4+ Qf7 49. Rxf7+ Rxf7 50. Qg4 Re7
51. h5 Kf7 52. Qg6+ Kf8 53. Qh7 Bc7 54. Kg4 Bd6 55. h6 gxh6
56. Qxh6+ Rg7+ 57. Kf5 Bxb4 58. Ke6 Kg8 59. Qf4 Re7+ 60. Kf6
Rf7+ 61. Ke6 Rxf4 0-1

[Event "Donostia Chess Festival"]
[Site "San Sebastian ESP"]
[Date "2011.12.30"]
[EventDate "2011.12.28"]
[Round "3"]
[Result "1/2-1/2"]
[White "Leinier Dominguez Perez"]
[Black "Antoaneta Stefanova"]
[WhiteElo "2712"]
[BlackElo "2531"]
[PlyCount "122"]

1. c4 c6 2. Nf3 d5 3. g3 Nf6 4. Bg2 dxc4 5. O-O Nbd7 6. Na3
Nb6 7. Qc2 g6 8. Nxc4 Nxc4 9. Qxc4 Bg7 10. Qc2 a5 11. b3 a4
12. Bb2 axb3 13. axb3 Bf5 14. d3 O-O 15. b4 Qd7 16. Rfb1 Bh3
17. Bh1 Rfc8 18. Be5 Ne8 19. Bxg7 Nxg7 20. Ng5 Bf5 21. Ne4 Ne6
22. Nc5 Qc7 23. Qc3 Bh3 24. Rc1 Nd8 25. d4 Rcb8 26. Nd3 Qd6
27. Nf4 Bg4 28. h4 Ne6 29. Nxe6 Qxe6 30. e3 Qf6 31. Qc5 h6
32. Ra7 Kg7 33. Rca1 Rxa7 34. Rxa7 g5 35. hxg5 hxg5 36. Ra5
Kh6 37. Qe5 Qxe5 38. Rxe5 e6 39. Ra5 Be2 40. f4 f5 41. Kf2 Bc4
42. e4 gxf4 43. exf5 fxg3+ 44. Kxg3 exf5 45. Rxf5 Rd8 46. Bf3
Kg6 47. Rf4 Ra8 48. Be4+ Kg7 49. Rh4 Kg8 50. Rh7 Bd5 51. Re7
Kf8 52. Rh7 Kg8 53. Re7 Ra4 54. b5 cxb5 55. Rxb7 Rxd4 56. Kf3
Rb4 57. Ke3 Kf8 58. Kd3 Ke8 59. Kc3 Kd8 60. Kc2 Rb1 61. Rh7
Kc8 1/2-1/2

[Event "Donostia Chess Festival"]
[Site "San Sebastian ESP"]
[Date "2011.12.30"]
[EventDate "2011.12.28"]
[Round "3"]
[Result "0-1"]
[White "Antoaneta Stefanova"]
[Black "Leinier Dominguez Perez"]
[WhiteElo "2531"]
[BlackElo "2712"]
[PlyCount "72"]

1. d4 Nf6 2. Nf3 g6 3. Nc3 Bg7 4. Bf4 O-O 5. Qd2 d5 6. Bh6 Ne4
7. Nxe4 dxe4 8. Bxg7 Kxg7 9. Ne5 b5 10. f3 Bb7 11. O-O-O Nd7
12. Ng4 Nf6 13. Qh6+ Kg8 14. Ne3 c5 15. d5 Qa5 16. Kb1 Rad8
17. fxe4 Nxe4 18. Qh4 Qb4 19. Ka1 Nf6 20. c4 Nxd5 21. Nxd5
Bxd5 22. e4 Be6 23. Be2 bxc4 24. Qg3 Rd2 25. Rxd2 Qxd2 26. Qe1
Rd8 27. Bf3 c3 28. Qxd2 Rxd2 29. b3 g5 30. h3 h5 31. Rc1 g4
32. hxg4 hxg4 33. Bxg4 Bxg4 34. Rxc3 Rxg2 35. Rxc5 Bf3 36. e5
Rg5 0-1

[Event "4NCL"]
[Site "Hinckley ENG"]
[Date "2012.01.14"]
[EventDate "2011.11.12"]
[Round "3.22"]
[Result "0-1"]
[White "Philip A A Tozer"]
[Black "Antoaneta Stefanova"]
[WhiteElo "2159"]
[BlackElo "2531"]
[PlyCount "76"]

1. c4 c6 2. g3 d5 3. Nf3 Nf6 4. Bg2 dxc4 5. O-O Nbd7 6. Na3
Nb6 7. Qc2 Qd5 8. Ne1 Qd4 9. e3 Qg4 10. e4 e5 11. Nxc4 Nxc4
12. Qxc4 Be6 13. Qc2 O-O-O 14. b4 Kb8 15. Bb2 Bd6 16. Nd3 Qh5
17. f3 Nd7 18. a4 f5 19. Nc5 Bxc5+ 20. bxc5 Ka8 21. d4 fxe4
22. fxe4 exd4 23. Bxd4 Rhe8 24. Rab1 Re7 25. Qc3 Bh3 26. Bxh3
Qxh3 27. Bxg7 Rxe4 28. Rbd1 Re2 29. Rf2 Rxf2 30. Kxf2 Qxh2+
31. Kf3 Qh5+ 32. g4 Qh3+ 33. Kf4 Rf8+ 34. Kg5 h6+ 35. Kg6
Qxg4+ 36. Kh7 Qxd1 37. Bxf8 Nxf8+ 38. Kxh6 Qd8 0-1

[Event "4NCL"]
[Site "Hinckley ENG"]
[Date "2012.01.15"]
[EventDate "2011.11.12"]
[Round "4.14"]
[Result "1/2-1/2"]
[White "Antoaneta Stefanova"]
[Black "John Emms"]
[WhiteElo "2531"]
[BlackElo "2484"]
[PlyCount "90"]

1. d4 Nf6 2. Nf3 e6 3. e3 c5 4. Bd3 Be7 5. O-O O-O 6. c4 cxd4
7. exd4 d5 8. Ne5 dxc4 9. Bxc4 Nc6 10. Nxc6 bxc6 11. Nc3 Qc7
12. Qf3 Rd8 13. Bf4 Qb6 14. Rad1 Ba6 15. Na4 Qb7 16. Bxa6 Qxa6
17. b3 Rac8 18. h3 Qb5 19. Rfe1 Qd5 20. Qc3 Qb5 21. Qc2 Nd5
22. Be5 Bf8 23. Qe4 Ne7 24. Rc1 Ng6 25. Bg3 Qd5 26. Rc4 Qxe4
27. Rxe4 Be7 28. Nc5 Rd5 29. b4 h5 30. Na6 Bf6 31. a4 h4
32. Bc7 Ne7 33. Be5 Bxe5 34. dxe5 Ng6 35. Rc5 Rd1+ 36. Kh2 Ra1
37. b5 Rd8 38. bxc6 Rdd1 39. g3 Rd2 40. gxh4 Rxf2+ 41. Kg3
Raf1 42. Rg4 Rf3+ 43. Kh2 Nf4 44. Rxf4 R1f2+ 45. Kg1 Rf1+
1/2-1/2

[Event "Tradewise Gibraltar"]
[Site "Catalan Bay GIB"]
[Date "2012.01.24"]
[EventDate "2012.01.24"]
[Round "1.45"]
[Result "0-1"]
[White "Kambez Nuri"]
[Black "Antoaneta Stefanova"]
[WhiteElo "2256"]
[BlackElo "2523"]
[PlyCount "123"]

1. e4 c6 2. d4 d5 3. exd5 cxd5 4. Bd3 Nc6 5. c3 Qc7 6. Ne2 Bg4
7. f3 Bd7 8. O-O e6 9. Bf4 Bd6 10. Bxd6 Qxd6 11. Nd2 Nge7
12. f4 O-O 13. Qc2 g6 14. Rae1 f6 15. Nf3 Rac8 16. Qb1 Na5
17. Ng3 b5 18. a3 Nc4 19. Bxc4 bxc4 20. Rf2 Rb8 21. Qc1 Rb5
22. Nf1 Rfb8 23. g4 Qb6 24. Ree2 e5 25. fxe5 Bxg4 26. exf6
Qxf6 27. Ng5 Qg7 28. Rf7 Qxf7 29. Nxf7 Bxe2 30. Nh6+ Kg7
31. Qe3 R8b7 32. Qxe2 Kxh6 33. Qe5 Nf5 34. Ne3 Nxe3 35. Qxe3+
Kg7 36. Qe5+ Kf7 37. a4 Rxb2 38. Qxd5+ Ke7 39. Qc5+ Kd7
40. Qd5+ Ke7 41. Qc5+ Ke8 42. Qc6+ Kf8 43. Qf6+ Kg8 44. Qe6+
Rf7 45. Qxc4 h5 46. Qe6 Kg7 47. d5 Rbf2 48. d6 R2f6 49. Qe5
Rd7 50. c4 Rxd6 51. Qe7+ Kh6 52. Qxa7 h4 53. Qe3+ g5 54. c5
Rde6 55. Qd2 h3 56. Qc3 g4 57. Qd2+ Kg6 58. Qd3+ Rf5 59. Qc3
Re2 60. Qc1 Rg2+ 61. Kh1 Rgf2 62. Kg1 0-1

[Event "Tradewise Gibraltar"]
[Site "Catalan Bay GIB"]
[Date "2012.01.25"]
[EventDate "2012.01.24"]
[Round "2"]
[Result "0-1"]
[White "Antoaneta Stefanova"]
[Black "Krishnan Sasikiran"]
[WhiteElo "2523"]
[BlackElo "2700"]
[PlyCount "104"]

1. d4 Nf6 2. Nf3 g6 3. g3 Bg7 4. Bg2 d5 5. O-O O-O 6. c4 c6
7. Qb3 dxc4 8. Qxc4 Bf5 9. Nc3 Nbd7 10. Qb3 Qb6 11. Qa3 Rfe8
12. Be3 Ng4 13. Bg5 e5 14. e4 Bf8 15. Qa4 Qxb2 16. exf5 Qxc3
17. fxg6 hxg6 18. d5 e4 19. Nd2 Nc5 20. Qd1 Nxf2 21. Rxf2 e3
22. Re2 exd2 23. Rxd2 Ne4 24. Bxe4 Rxe4 25. Rc1 Qa5 26. Qb3
Qa3 27. Rb1 Rb4 28. Qc2 cxd5 29. Rxb4 Qxb4 30. Rxd5 Qe1+
31. Kg2 Re8 32. Rd2 b6 33. Qd3 Qe6 34. Qf3 Bg7 35. h4 Qc4
36. h5 gxh5 37. Qxh5 Qe4+ 38. Qf3 Re5 39. Bf4 Qxf3+ 40. Kxf3
Ra5 41. g4 Bf6 42. Rc2 Kg7 43. Ke4 Ra4+ 44. Kf5 Ra5+ 45. Ke4
Bg5 46. Be5+ Kg6 47. Bd4 Ra4 48. Kd5 Bf6 49. Be3 Rxg4 50. Kc6
Bg5 51. Bf2 Rg2 52. Kb7 f6 0-1

[Event "Tradewise Gibraltar"]
[Site "Catalan Bay GIB"]
[Date "2012.01.26"]
[EventDate "2012.01.24"]
[Round "3.36"]
[Result "0-1"]
[White "Andrew Stone"]
[Black "Antoaneta Stefanova"]
[WhiteElo "2237"]
[BlackElo "2523"]
[PlyCount "96"]

1. c4 c6 2. g3 d5 3. Nf3 Nf6 4. Bg2 dxc4 5. O-O Nbd7 6. Qc2
Nb6 7. Na3 Qd5 8. Ne1 Qd4 9. d3 cxd3 10. Nxd3 Bf5 11. Rd1 e6
12. Be3 Qd7 13. Qb3 Nbd5 14. Bd4 Qc8 15. Nc4 Be7 16. e4 Bxe4
17. Bxe4 Nxe4 18. Bxg7 Rg8 19. Be5 f6 20. Bf4 b5 21. Ne3 Qb7
22. Re1 Rg6 23. Nc4 Nxf4 24. Nxf4 Nc5 25. Qc2 bxc4 26. Nxg6
hxg6 27. Qxc4 Qxb2 28. Rab1 Qa3 29. Rxe6 Nxe6 30. Qxc6+ Kf7
31. Qxa8 Qxa2 32. Rb7 a6 33. Ra7 Qb3 34. Rxa6 Nc7 35. Qc6 Nxa6
36. Qxa6 Qd1+ 37. Kg2 Qd5+ 38. Kg1 g5 39. Qe2 Bc5 40. Qc2 Kg7
41. Qe2 f5 42. Qh5 Qd2 43. Qf3 Qe1+ 44. Kg2 Qe4 45. h3 Kf6
46. g4 Qxf3+ 47. Kxf3 fxg4+ 48. hxg4 Ke5 0-1

[Event "Tradewise Gibraltar"]
[Site "Catalan Bay GIB"]
[Date "2012.01.27"]
[EventDate "2012.01.24"]
[Round "4.31"]
[Result "1/2-1/2"]
[White "Antoaneta Stefanova"]
[Black "Manuel Fenollar Jorda"]
[WhiteElo "2523"]
[BlackElo "2360"]
[PlyCount "40"]

1. d4 d5 2. c4 c6 3. Nf3 Nf6 4. Nbd2 e6 5. g3 Nbd7 6. Bg2 b6
7. O-O Bb7 8. Qc2 Be7 9. Rd1 O-O 10. e4 Nxe4 11. Nxe4 dxe4
12. Qxe4 Qc8 13. Ng5 Nf6 14. Qf3 Rd8 15. Bf4 Rd7 16. Qe2 c5
17. d5 exd5 18. cxd5 h6 19. Ne4 Nxd5 20. Bxh6 Nf6 1/2-1/2

[Event "Tradewise Gibraltar"]
[Site "Catalan Bay GIB"]
[Date "2012.01.28"]
[EventDate "2012.01.24"]
[Round "5.36"]
[Result "0-1"]
[White "Yves Duhayon"]
[Black "Antoaneta Stefanova"]
[WhiteElo "2210"]
[BlackElo "2523"]
[PlyCount "30"]

1. d4 d5 2. c4 c6 3. Nf3 Nf6 4. e3 a6 5. Bd3 Bg4 6. Nbd2 e6
7. O-O Nbd7 8. Qc2 Bd6 9. b3 e5 10. e4 O-O 11. Bb2 dxe4
12. Nxe4 Nxe4 13. Bxe4 f5 14. Bd3 Bxf3 15. gxf3 exd4 0-1

[Event "Tradewise Gibraltar"]
[Site "Catalan Bay GIB"]
[Date "2012.01.29"]
[EventDate "2012.01.24"]
[Round "6.13"]
[Result "1/2-1/2"]
[White "Antoaneta Stefanova"]
[Black "Alexey Shirov"]
[WhiteElo "2523"]
[BlackElo "2710"]
[PlyCount "60"]

1. d4 Nf6 2. c4 e6 3. Nf3 d5 4. Nc3 c6 5. e3 Nbd7 6. Qc2 Bd6
7. b3 O-O 8. Be2 b6 9. O-O Bb7 10. Rd1 Qe7 11. e4 e5 12. Bb2
dxe4 13. dxe5 Nxe5 14. Nxe4 Nxe4 15. Qxe4 c5 16. Qf5 g6
17. Qh3 Rfe8 18. Ng5 Qxg5 19. Rxd6 Rad8 20. Rxd8 Rxd8 21. Qg3
Qxg3 22. hxg3 Rd2 23. Bxe5 Rxe2 24. Bf6 Re6 25. Bc3 f5 26. Rd1
Kf7 27. Rd7+ Re7 28. Rxe7+ Kxe7 29. f3 g5 30. Bd2 g4 1/2-1/2

[Event "Tradewise Gibraltar"]
[Site "Catalan Bay GIB"]
[Date "2012.01.30"]
[EventDate "2012.01.24"]
[Round "7.11"]
[Result "1-0"]
[White "Peter Svidler"]
[Black "Antoaneta Stefanova"]
[WhiteElo "2749"]
[BlackElo "2523"]
[PlyCount "73"]

1. e4 e5 2. Nf3 Nc6 3. Bb5 Bc5 4. c3 Qf6 5. d4 exd4 6. e5 Qg6
7. O-O d5 8. cxd4 Bb6 9. Nc3 Ne7 10. a4 a6 11. Bxc6+ bxc6
12. a5 Ba7 13. e6 Bxe6 14. Bf4 O-O 15. Qd2 c5 16. dxc5 Bxc5
17. Na4 Bd6 18. Bxd6 cxd6 19. Nd4 Rab8 20. f3 h5 21. Rac1 h4
22. b4 Qf6 23. Nb6 Rb7 24. Rfe1 Ng6 25. h3 Ne5 26. Rc2 Qg6
27. Rc3 Rfb8 28. Rec1 Rxb6 29. axb6 Rxb6 30. f4 Nc4 31. Qf2
Rxb4 32. f5 Bxf5 33. Qxf5 Qh6 34. Rf1 Rb2 35. Qxf7+ Kh7
36. Qxd5 Nd2 37. Qf5+ 1-0